Punto de equilibrio pérdidas y ganancias (Registro nro. 2038)
[ vista simple ]
| 000 -LEADER | |
|---|---|
| fixed length control field | 00984 a2200205 4500 |
| 001 - CONTROL NUMBER | |
| control field | 30160 |
| 005 - DATE AND TIME OF LATEST TRANSACTION | |
| control field | 20260407155612.0 |
| 008 - FIXED-LENGTH DATA ELEMENTS--GENERAL INFORMATION | |
| fixed length control field | 260407a1960 arg spa d |
| 003 - CONTROL NUMBER IDENTIFIER | |
| control field | AR-UNSa-BCEJYS |
| 040 ## - CATALOGING SOURCE | |
| Original cataloging agency | AR-UNSa-BCEJYS |
| Language of cataloging | spa |
| Transcribing agency | AR-UNSa-BCEJYS |
| 080 ## - UNIVERSAL DECIMAL CLASSIFICATION NUMBER | |
| Universal Decimal Classification number | 657.474.5 |
| Common auxiliary subdivision | Cálculo de costes. Estimación. Métodos de cálculo<br/> |
| 100 1# - MAIN ENTRY--PERSONAL NAME | |
| Personal name | Mc Gaughy, Howard E. |
| 245 10 - TITLE STATEMENT | |
| Title | Punto de equilibrio pérdidas y ganancias |
| 264 #1 - PRODUCTION, PUBLICATION, DISTRIBUTION, MANUFACTURE, AND COPYRIGHT NOTICE | |
| Place of production, publication, distribution, manufacture | México : |
| Name of producer, publisher, distributor, manufacturer | Unión Tipográfica Editorial Hispano-Americana (UTEHA) |
| Date of production, publication, distribution, manufacture, or copyright notice | 1960 |
| 300 ## - PHYSICAL DESCRIPTION | |
| Extent | 76 p. |
| Dimensions | 17 cm. |
| 505 ## - FORMATTED CONTENTS NOTE | |
| Formatted contents note | 1. Introducción - 2. Descripción de factores presentes que afectan al ingreso neto - 3. Descripción de los cambios propuestos por la administración - 4. Evaluación de los propósitos de la administración - 5. Sumario de los datos pertinentes. Plan actual y propuesto - 6. Costo diferencial y análisis de precios - 7. Conclusión. |
| 590 ## - LOCAL NOTE (RLIN) | |
| Local note | niveau_biblio:m niveau_hierar:0 |
| 700 1# - ADDED ENTRY--PERSONAL NAME | |
| Personal name | Velez, Jesus A. |
| 942 ## - ADDED ENTRY ELEMENTS (KOHA) | |
| Koha item type | |
| Withdrawn status | Lost status | Damaged status | Not for loan | Home library | Current library | Shelving location | Date acquired | Total checkouts | Full call number | Barcode | Date last seen | Price effective from | Koha item type |
|---|---|---|---|---|---|---|---|---|---|---|---|---|---|
| Biblioteca Prof. Eusebio Cleto del Rey | Biblioteca Prof. Eusebio Cleto del Rey | 07/04/2026 | 657.474.5 M145 | L20617 | 07/04/2026 | 07/04/2026 | Libro |